000 00402nam a2200181Ia 4500
001 13439
005 20260306164801.0
008 260306t2012||||xx |||||||||||||| ||spa||
041 _aESP
082 _a004.16
_bD25
100 _aDarcey, Lauren
_eAUT
245 0 _aAndroid 4
260 _c2012
300 _a543 páginas :
_c22 cm.
650 _aGEN
654 _aCCC
942 _cLIB
_dJUS
_fJUS
_2ddc
_n
999 _c13439
_d13439